000 00347nam a2200145Ia 4500
008 230917s9999||||xx |||||||||||||| ||und||
040 _e47008
_aMAIN
041 _aEnglish
082 _a822.33 S15R
100 _aShakespeare, William
245 0 _aRomeo and Juliet
260 _aMiddlesex
_bPenguin Books
_c1967
300 _a294 p.
942 _cBK
999 _c83325
_d83325